[Event "Let's Play Chess!"]
[Site "http://www.queenalice.com/game.php?id=706821"]
[Date "2010.1.1"]
[Round "-"]
[White "elche"]
[Black "jfk"]
[Result "1-0"]
[WhiteElo "1658"]
[BlackElo "1911"]

1. e4 c5 2. Nc3 Nc6 3. g3 Nf6 4. Bg2 e6 5. d3 Be7 6. Nge2 O-O 7. O-O d6 8. f4
Qa5 9. h3 b5 10. b3 Nd4 11. Kh2 Nxe2 12. Nxe2 Bb7 13. c4 Rab8 14. cxb5 Qxb5 15.
Nc3 Qb6 16. Be3 Rfd8 17. Rb1 Ba6 18. Rf2 Ne8 19. Na4 Qc7 20. Rc1 Bb5 21. Nc3 Bc6
22. Qe2 Bf6 23. Rc2 a5 24. h4 Bxc3 25. Rxc3 d5 26. exd5 exd5 27. Rxc5 Nf6 28. d4
Qd7 29. Bh3 Qc7 30. Bg2 h5 31. Bf3 g6 32. Qa6 Rdc8 33. Qxa5 Ra8 34. Qxc7 Rxc7
35. a4 Rac8 36. Kh3 Bd7+ 37. Kg2 Ne4 38. Rxc7 Rxc7 39. Bxe4 dxe4 40. Rd2 Rc3 41.
Kf2 Rxb3 42. Ra2 Kg7 43. a5 Be6 44. a6 Rb8 45. a7 Ra8 46. Ra5 f5 47. Ke2 Bc4+
48. Kd2 Kf7 49. Kc3 Be6 50. Kb4 Rc8 51. a8=Q Rxa8 52. Rxa8 Bd5 53. Ra5 Ke6 54.
Kc5 Kd7 55. Kxd5 1-0

[Event "Let's Play Chess!"]
[Site "http://www.queenalice.com/game.php?id=706832"]
[Date "2010.1.1"]
[Round "-"]
[White "jfk"]
[Black "elche"]
[Result "1-0"]
[WhiteElo "1948"]
[BlackElo "1726"]

1. e4 c5 2. b4 cxb4 3. d4 e6 4. a3 bxa3 5. Nxa3 d6 6. Nb5 Bd7 7. Nxa7 Qb6 8. Be3
Rxa7 9. Rb1 Qa5+ 10. Bd2 Qa4 11. Rb4 Qa1 12. Rb1 Qxd4 13. Bd3 Nf6 14. Ne2 Qc5
15. O-O Be7 16. Be3 1-0

[Event "Let's Play Chess!"]
[Site "http://www.queenalice.com/game.php?id=706865"]
[Date "2010.1.1"]
[Round "-"]
[White "jfk"]
[Black "Eu_sou"]
[Result "1-0"]
[WhiteElo "1916"]
[BlackElo "1972"]

1. e4 c5 2. b4 cxb4 3. a3 e6 4. axb4 Bxb4 5. c3 Be7 6. d4 d6 7. Na3 Nf6 8. Bd3
Nc6 9. Nf3 O-O 10. O-O b6 11. Bf4 Bb7 12. e5 dxe5 13. dxe5 Nd5 14. Bd2 Qb8 15.
Re1 Rd8 16. Qc2 Qc7 17. Nb5 Qd7 18. Nd6 Bxd6 19. exd6 h6 20. Ra4 Qxd6 21. Rg4
Kf8 22. Bh7 Nf6 23. Rg3 Ne5 24. Nd4 Nc4 25. Bxh6 gxh6 26. Qc1 Nxh7 27. Nxe6+ Ke8
28. Nc5+ Ne5 29. Nxb7 1-0

[Event "Let's Play Chess!"]
[Site "http://www.queenalice.com/game.php?id=707982"]
[Date "2010.1.3"]
[Round "-"]
[White "Ranj"]
[Black "jfk"]
[Result "1-0"]
[WhiteElo "1859"]
[BlackElo "1930"]

1. e4 c5 2. c3 g6 3. Nf3 Nf6 4. d3 Nc6 5. Be2 Bg7 6. O-O O-O 7. e5 Nd5 8. d4
cxd4 9. cxd4 d6 10. Nc3 Nb6 11. e6 fxe6 12. d5 Bxc3 13. bxc3 Nxd5 14. Bb2 Nf4
15. Bc1 e5 16. Bxf4 exf4 17. Bc4+ e6 18. Re1 d5 19. Be2 e5 20. Rb1 e4 21. Nd4
Qf6 22. Nxc6 Qxc6 23. Qd4 Qe6 24. c4 Rd8 25. Rbd1 Qb6 26. Qe5 f3 27. gxf3 Bf5
28. fxe4 dxe4 29. Rxd8+ Qxd8 30. c5 Qg5+ 31. Kh1 Qh4 32. Bc4+ Kf8 33. Qh8+ Ke7
34. Qg7+ Kd8 35. Rd1+ Kc8 36. c6 1-0

[Event "Let's Play Chess!"]
[Site "http://www.queenalice.com/game.php?id=707983"]
[Date "2010.1.3"]
[Round "-"]
[White "jfk"]
[Black "Ranj"]
[Result "1-0"]
[WhiteElo "1904"]
[BlackElo "1868"]

1. e4 c5 2. b4 b6 3. bxc5 bxc5 4. Nc3 Nc6 5. Rb1 Nf6 6. Bc4 e6 7. Nf3 d6 8. O-O
Be7 9. d4 cxd4 10. Nxd4 Nxd4 11. Qxd4 O-O 12. Bd3 e5 13. Qc4 Be6 14. Qb5 Bd7 15.
Qa6 Qc8 16. Nd5 Nxd5 17. exd5 Qxa6 18. Bxa6 Rab8 19. Be3 Rxb1 20. Rxb1 Ba4 21.
c4 f5 22. Rb7 f4 23. Rxe7 fxe3 24. fxe3 Bc2 25. Rd7 Bd3 26. h3 Rf1+ 27. Kh2 Rf2
28. Rxd6 Be4 29. h4 Rxg2+ 30. Kh3 Re2 31. c5 Rxe3+ 32. Kh2 Ra3 33. Bc4 Rc3 34.
Bb3 Rxc5 35. Re6 Kf8 36. d6 Bc6 37. Re7 a5 38. Rf7+ Ke8 39. Rxg7 Kd8 40. Be6 e4
41. Rg8+ 1-0

[Event "Let's Play Chess!"]
[Site "http://www.queenalice.com/game.php?id=710651"]
[Date "2010.1.9"]
[Round "-"]
[White "ArmandoAzevedo"]
[Black "jfk"]
[Result "1-0"]
[WhiteElo "2488"]
[BlackElo "1916"]

1. e4 c6 2. d4 d5 3. exd5 cxd5 4. Nf3 Nf6 5. Be2 e6 6. Nc3 Bb4 7. O-O Bxc3 8.
bxc3 O-O 9. c4 Nc6 10. Re1 a6 11. c3 Ne4 12. Qc2 Qa5 13. Bd3 Nf6 14. cxd5 Qxd5
15. Bg5 Qd8 16. Bxh7+ Kh8 17. Re4 g6 18. Rf4 Kxh7 19. Bxf6 1-0

[Event "Let's Play Chess!"]
[Site "http://www.queenalice.com/game.php?id=710658"]
[Date "2010.1.9"]
[Round "-"]
[White "jfk"]
[Black "ArmandoAzevedo"]
[Result "0-1"]
[WhiteElo "1916"]
[BlackElo "2513"]

1. e4 e5 2. f4 exf4 3. Bc4 Nf6 4. e5 d5 5. exd6 Bxd6 6. Qe2+ Be7 7. Nf3 Nc6 8.
O-O Nd4 9. Nxd4 Qxd4+ 10. Kh1 Bg4 11. Qd3 Qxd3 12. Bxd3 g5 13. Nc3 a6 14. h3 Be6
15. Be2 O-O-O 16. Bf3 h5 17. d3 g4 18. Bxf4 gxf3 19. Rxf3 Nd5 20. Be5 Rhg8 21.
Nxd5 Bxd5 22. Rf2 Bh4 23. Re2 Rde8 24. d4 f6 25. Bxf6 Rxe2 0-1

[Event "Let's Play Chess!"]
[Site "http://www.queenalice.com/game.php?id=710710"]
[Date "2010.1.9"]
[Round "-"]
[White "wiking"]
[Black "jfk"]
[Result "1-0"]
[WhiteElo "2225"]
[BlackElo "1958"]

1. b4 e6 2. Bb2 Nf6 3. b5 Be7 4. Nf3 O-O 5. c4 a6 6. Nc3 c6 7. e4 cxb5 8. e5 Ne8
9. cxb5 axb5 10. Bxb5 Nc6 11. O-O Nc7 12. Be2 d5 13. Qc2 d4 14. Nb5 Nb4 15. Qxc7
d3 16. Bd1 1-0

[Event "Let's Play Chess!"]
[Site "http://www.queenalice.com/game.php?id=710881"]
[Date "2010.1.9"]
[Round "-"]
[White "ultima_tentativa"]
[Black "jfk"]
[Result "0-1"]
[WhiteElo "1100"]
[BlackElo "1921"]

1. Nf3 Nf6 2. g3 e6 3. Bg2 Nc6 4. O-O Be7 5. d4 d5 6. Nc3 O-O 7. Bg5 h6 8. Bd2
a6 9. a3 b5 10. b4 Ne8 11. e4 Bb7 12. exd5 exd5 13. Bf4 Nf6 14. Ne5 Nxe5 15.
dxe5 Ne4 16. Nxe4 dxe4 17. Qe2 Qd4 18. Rfe1 f5 19. exf6 Bxf6 0-1

[Event "Let's Play Chess!"]
[Site "http://www.queenalice.com/game.php?id=710883"]
[Date "2010.1.9"]
[Round "-"]
[White "jfk"]
[Black "ultima_tentativa"]
[Result "1-0"]
[WhiteElo "1919"]
[BlackElo "1100"]

1. e4 c5 2. b4 cxb4 3. d4 e6 4. Bb2 d6 5. a3 bxa3 6. Nxa3 Nf6 7. Bd3 Be7 8. Nf3
O-O 9. O-O a6 10. c4 b6 11. Qe2 Bb7 12. e5 dxe5 13. dxe5 Nfd7 14. Be4 Qc7 15.
Nb5 axb5 16. Rxa8 Bxa8 17. Bxa8 bxc4 18. Rc1 b5 19. Nd4 1-0

[Event "Let's Play Chess!"]
[Site "http://www.queenalice.com/game.php?id=711741"]
[Date "2010.1.11"]
[Round "-"]
[White "jfk"]
[Black "schalturtjik"]
[Result "1-0"]
[WhiteElo "1923"]
[BlackElo "1938"]

1. e4 e6 2. d4 d5 3. Nc3 Bb4 4. e5 c5 5. Ne2 c4 6. a3 Ba5 7. Be3 Ne7 8. Qd2 Nbc6
9. g3 O-O 10. Bg2 Rb8 11. O-O b5 12. Bg5 Qd7 13. Rab1 b4 14. axb4 Bxb4 15. Qe3
Nf5 16. Qf4 h6 17. Bh4 g5 18. Qg4 Kh7 19. Bxg5 hxg5 20. Na4 Rg8 21. c3 Be7 22.
Nc5 Bxc5 23. dxc5 Nxe5 24. Qh5+ Nh6 25. f4 Nf3+ 26. Rxf3 g4 27. Rf2 Qe7 28. Nd4
Qxc5 29. Be4+ f5 30. Bc2 Bd7 31. h3 gxh3 32. Qxh3 Rg6 33. Rh2 Rbg8 34. Kh1 Qf8
35. Re1 Rxg3 36. Bxf5+ 1-0

[Event "AUTO-ADV-1658"]
[Site "http://www.queenalice.com/game.php?id=733275"]
[Date "2010.2.17"]
[Round "1"]
[White "marno"]
[Black "jfk"]
[Result "1-0"]
[WhiteElo "1880"]
[BlackElo "1813"]

1. e4 c5 2. Nc3 Nc6 3. Bb5 e6 4. Bxc6 bxc6 5. d3 Nf6 6. f4 Be7 7. Nf3 O-O 8. O-O
Qc7 9. Qe1 d6 10. Ng5 h6 11. Nf3 e5 12. fxe5 dxe5 13. Qg3 Nh7 14. Qxe5 Bd6 15.
Qh5 Nf6 16. Qh4 Be7 17. Bf4 Qa5 18. Qf2 Bg4 19. Ne5 Be6 20. Nxc6 1-0

[Event "AUTO-ADV-1658"]
[Site "http://www.queenalice.com/game.php?id=733276"]
[Date "2010.2.17"]
[Round "1"]
[White "jfk"]
[Black "marno"]
[Result "0-1"]
[WhiteElo "1800"]
[BlackElo "1893"]

1. e4 e6 2. d4 d5 3. exd5 exd5 4. Nf3 Bg4 5. h3 Bh5 6. Nc3 Nf6 7. Bd3 Bg6 8. Bg5
Be7 9. Ne5 Bxd3 10. Qxd3 c6 11. O-O h6 12. Bxf6 Bxf6 13. Rae1 O-O 14. Ng4 Nd7
15. Na4 Bg5 16. Nc5 Nxc5 17. dxc5 Qa5 18. Ne5 Rae8 0-1

[Event "AUTO-ADV-1658"]
[Site "http://www.queenalice.com/game.php?id=733289"]
[Date "2010.2.17"]
[Round "1"]
[White "rusoma"]
[Black "jfk"]
[Result "1-0"]
[WhiteElo "1787"]
[BlackElo "1868"]

1. e4 c6 2. d4 d5 3. e5 Bf5 4. Nc3 e6 5. Nf3 h6 6. a3 Ne7 7. Bd3 Bxd3 8. Qxd3
Ng6 9. O-O Be7 10. b4 O-O 11. Ne2 a5 12. Bd2 a4 13. Nf4 Nxf4 14. Bxf4 Nd7 15.
Ne1 Re8 16. Bd2 b5 17. Qg3 Bg5 18. Bxg5 Qxg5 19. Qd3 Nb6 20. Nf3 Qe7 21. h3 Nc4
22. c3 Rac8 23. Nd2 Qg5 24. Nf3 1-0

[Event "AUTO-ADV-1658"]
[Site "http://www.queenalice.com/game.php?id=733290"]
[Date "2010.2.17"]
[Round "1"]
[White "jfk"]
[Black "rusoma"]
[Result "0-1"]
[WhiteElo "1889"]
[BlackElo "1766"]

1. e4 e5 2. f4 exf4 3. Nf3 Nc6 4. d4 Qe7 5. Bd3 d6 6. Bxf4 Nf6 7. Nc3 Bg4 8. O-O
Nxd4 9. Be2 Nxf3+ 10. Bxf3 Bxf3 11. Qxf3 Qd7 12. Rad1 O-O-O 13. Bg5 Be7 14. b3
h6 15. Bxf6 Bxf6 16. Nd5 Be5 17. Kh1 f6 18. a4 c6 19. Nb4 Kb8 20. h3 c5 21. Nd5
Rhf8 22. a5 Qb5 23. Qg4 Rf7 24. Qe6 Rff8 0-1

[Event "AUTO-ADV-1658"]
[Site "http://www.queenalice.com/game.php?id=733297"]
[Date "2010.2.17"]
[Round "1"]
[White "miltonloviski"]
[Black "jfk"]
[Result "1-0"]
[WhiteElo "1589"]
[BlackElo "1740"]

1. e4 c5 2. a3 e6 3. Nf3 Nc6 4. d4 cxd4 5. Bb5 Nf6 6. Bxc6 dxc6 7. e5 Nd5 8.
Nxd4 Be7 9. O-O O-O 10. c4 Nb6 11. b3 Bg5 12. Bxg5 Qxg5 13. f4 Qg6 14. Qf3 Nd7
15. Nd2 Nc5 16. g3 Bd7 17. b4 Nd3 18. f5 Nxe5 19. fxg6 Nxf3+ 20. Rxf3 hxg6 21.
Rd1 1-0

[Event "AUTO-ADV-1658"]
[Site "http://www.queenalice.com/game.php?id=733298"]
[Date "2010.2.17"]
[Round "1"]
[White "jfk"]
[Black "miltonloviski"]
[Result "0-1"]
[WhiteElo "1764"]
[BlackElo "1565"]

1. e4 e5 2. f4 exf4 3. Nf3 g5 4. h4 g4 5. Ne5 h5 6. Bc4 Nh6 7. d4 d6 8. Nd3 f3
9. gxf3 gxf3 10. Qxf3 Bg4 11. Qf2 Qe7 12. Bg5 Qxe4+ 13. Be3 Qxh1+ 14. Kd2 Qf3
15. Qxf3 Bxf3 16. Nc3 Nf5 17. Bg5 Nxd4 18. Bf6 Bh6+ 19. Ke1 Nxc2+ 20. Kf2 Rg8
0-1